000 00471nmm a22001937a 4500
005 20220920160857.0
008 150930b xxu||||| |||| 00| 0 spa d
041 _aspa
082 _a633 DC
245 _aDiccionario enciclopédico
260 _aEspaña
260 _bOcéano
300 _a1 CD-ROM
650 _aDICCIONARIO VISUAL
_964690
650 _aENCICLOPEDIA
_933875
650 _aORIENTACIÓN VOCACIONAL
_919329
650 _aESPAÑOL
_91515
942 _cCD
999 _c12232
_d12232